000
00210nam a2200085Ia 4500
008
211105s9999 xx 000 0 und d
020
_a
"
100
_a
BAXTER, Nicola
_9
72578
245
0
_a
Stories for 9 year olds
999
_c
596272
_d
596271